000 00359nam a22001337a 4500
008 220124b ||||| |||| 00| 0 eng d
020 _a9789351506348
082 _a658.4092
_b1
100 _aVieira Walter
_97516
245 _aManager to CEO (9 Signposts to The Top Job)
260 _aNew Delhi
_bSAGE Publications
_c2005
300 _a201.P
942 _2ddc
_cBK
999 _c11950
_d11950